[Event "British Columbia-ch U20"]
[Site "Vancouver CAN"]
[Date "2013.11.10"]
[Round "4.8"]
[White "Nyamdorj, Uranchimeg"]
[Black "Pulfer, Luke"]
[Result "1-0"]
[WhiteElo "1744"]
[BlackElo "1654"]
[PlyCount "81"]
[GameId "2160767909216627"]
[EventDate "2013.11.08"]
[EventType "swiss"]
[EventRounds "5"]
[EventCountry "CAN"]

1. e4 e5 2. Nf3 Nc6 3. Bb5 a6 4. Ba4 Nf6 5. O-O b5 6. Bb3 Be7 7. Re1 d6 8. c3 Na5 9. Bc2 c5 10. d4 Qc7 11. Nbd2 O-O 12. b3 Bg4 13. h3 Bh5 14. Bb2 cxd4 15. cxd4 exd4 16. Bxd4 Nc6 17. Bb2 Nb4 18. Bb1 Rac8 19. Re3 Qb7 20. a3 Nc6 21. Bd3 Nd7 22. Be2 Rc7 23. Nf1 Rfc8 24. Ng3 Bxf3 25. Bxf3 Nce5 26. Nf5 Bf8 27. Nxd6 Bxd6 28. Qxd6 Rc5 29. Bg4 Nxg4 30. hxg4 Rc2 31. Qd4 f6 32. g5 Kh8 33. Rd1 R2c7 34. Rh3 Rg8 35. g6 h6 36. Qe3 Nf8 37. Rxh6+ gxh6 38. Qxh6+ Rh7 39. gxh7 Rg7 40. Bxf6 Qf7 41. Rd8 1-0

[Event "British Columbia-ch U20"]
[Site "Vancouver CAN"]
[Date "2013.11.10"]
[Round "4.9"]
[White "Low, Kevin"]
[Black "Tapp, Ashley"]
[Result "1-0"]
[WhiteElo "1495"]
[BlackElo "1648"]
[PlyCount "79"]
[GameId "2160767909216628"]
[EventDate "2013.11.08"]
[EventType "swiss"]
[EventRounds "5"]
[EventCountry "CAN"]

1. e4 e6 2. d3 d5 3. Nd2 dxe4 4. dxe4 Nf6 5. g3 b6 6. Bg2 Bb7 7. Qe2 Be7 8. Ngf3 O-O 9. O-O Nc6 10. Rd1 Bc5 11. Nf1 Qe7 12. Bg5 h6 13. Bf4 e5 14. Bd2 Nd4 15. Nxd4 exd4 16. e5 Bxg2 17. Kxg2 Nd7 18. f4 Rfe8 19. Re1 Qe6 20. Qf3 Rad8 21. b4 Bf8 22. a4 c5 23. b5 Nb8 24. a5 a6 25. bxa6 Nxa6 26. axb6 Nb8 27. f5 Qc6 28. g4 Qxf3+ 29. Kxf3 Nd7 30. b7 Rxe5 31. Bf4 Rxe1 32. Rxe1 f6 33. Ra1 Ne5+ 34. Bxe5 fxe5 35. Ra8 Rxa8 36. bxa8=Q Kf7 37. Qd5+ Kf6 38. Qe6+ Kg5 39. Kg3 e4 40. h4# 1-0

[Event "British Columbia-ch U20"]
[Site "Vancouver CAN"]
[Date "2013.11.10"]
[Round "5.2"]
[White "Nyamdorj, Davaa-Ochir"]
[Black "Wu, Ruining (Ray)"]
[Result "1-0"]
[WhiteElo "2055"]
[BlackElo "2057"]
[PlyCount "121"]
[GameId "2160767909216629"]
[EventDate "2013.11.08"]
[EventType "swiss"]
[EventRounds "5"]
[EventCountry "CAN"]

1. e4 c6 2. d4 d5 3. e5 Bf5 4. Nf3 e6 5. Be2 c5 6. c3 Nc6 7. O-O cxd4 8. cxd4 Nge7 9. Nc3 Nc8 10. Be3 Nb6 11. Ne1 Be7 12. g4 Bg6 13. f4 Be4 14. Bf3 Nc4 15. Bc1 Bxf3 16. Nxf3 h5 17. g5 Bb4 18. Qd3 g6 19. a3 Bxc3 20. Qxc3 Qa5 21. Qd3 Qc7 22. b3 Nb6 23. Bd2 a5 24. a4 O-O 25. Rac1 Qd7 26. Rc5 Nc8 27. Rfc1 N8e7 28. Qb5 Rfd8 29. Kf2 Nf5 30. Qd3 Rdc8 31. Qb5 Rd8 32. Qd3 Kg7 33. Rb5 Nfe7 34. Rcc5 Na7 35. Bxa5 Rdc8 36. Rb6 Rxc5 37. dxc5 Nec8 38. Rd6 Nxd6 39. exd6 Nc6 40. Bc3+ Kh7 41. Ne5 Nxe5 42. Bxe5 Ra5 43. Qd4 Ra8 44. Qb4 Ra6 45. Qb5 Rc6 46. a5 Kg8 47. b4 Kf8 48. Qd3 Ke8 49. Bc3 Kd8 50. Qd4 Qe8 51. Qh8 Qxh8 52. Bxh8 Kd7 53. Ke3 Rc8 54. Bf6 Ra8 55. Kd4 Ra6 56. h4 Ra8 57. Be7 Re8 58. b5 Ra8 59. a6 bxa6 60. c6+ Ke8 61. b6 1-0

[Event "British Columbia-ch U20"]
[Site "Vancouver CAN"]
[Date "2013.11.10"]
[Round "5.3"]
[White "Lo, Ryan"]
[Black "Herdin, Matthew"]
[Result "1/2-1/2"]
[WhiteElo "2204"]
[BlackElo "2203"]
[PlyCount "55"]
[GameId "2160767909216630"]
[EventDate "2013.11.08"]
[EventType "swiss"]
[EventRounds "5"]
[EventCountry "CAN"]

1. d4 Nf6 2. c4 g6 3. Nc3 d5 4. Nf3 Bg7 5. Bf4 O-O 6. e3 c5 7. Be2 cxd4 8. exd4 Nc6 9. O-O dxc4 10. Bxc4 Bg4 11. d5 Na5 12. Be2 Rc8 13. Rc1 Nc4 14. Qb3 Na5 15. Qd1 a6 16. Qd2 Nc4 17. Bxc4 Bxf3 18. Bb3 Bg4 19. Rfe1 Bd7 20. h3 Re8 21. Na4 Bxa4 22. Bxa4 b5 23. Bb3 Qd7 24. Rxc8 Rxc8 25. Rc1 Rxc1+ 26. Qxc1 Ne8 27. Qc2 h5 28. a4 1/2-1/2

[Event "British Columbia-ch U20"]
[Site "Vancouver CAN"]
[Date "2013.11.10"]
[Round "5.4"]
[White "Hui, Jeremy"]
[Black "Doknjas, John"]
[Result "0-1"]
[WhiteElo "2061"]
[BlackElo "2042"]
[PlyCount "112"]
[GameId "2160767909216631"]
[EventDate "2013.11.08"]
[EventType "swiss"]
[EventRounds "5"]
[EventCountry "CAN"]

1. e4 c5 2. Nf3 d6 3. Bb5+ Bd7 4. Bxd7+ Qxd7 5. c4 e5 6. Nc3 Nc6 7. d3 g6 8. Qe2 Bg7 9. O-O Nge7 10. a3 O-O 11. Bg5 f6 12. Bh4 a6 13. Rab1 b5 14. b4 cxb4 15. axb4 Rab8 16. Rfd1 Rfc8 17. Nd5 g5 18. Qa2 bxc4 19. Qxc4 Nxd5 20. Qxd5+ Qf7 21. Qxd6 gxh4 22. Rdc1 Bf8 23. Qd5 Qxd5 24. exd5 Nxb4 25. Rd1 Nxd5 26. Ra1 Nb4 27. Nxh4 Rd8 28. Kf1 Rxd3 29. Rxd3 Nxd3 30. Rxa6 Nf4 31. f3 Nd5 32. Ra5 Rd8 33. Nf5 Kf7 34. Rb5 Ke6 35. Ng3 Nc3 36. Rb6+ Rd6 37. Rxd6+ Bxd6 38. Nh5 Nd5 39. Ng3 Ne3+ 40. Kf2 Nf5 41. Ne4 Ne7 42. g3 h6 43. Nc3 Nd5 44. Ne4 f5 45. Nd2 Nf6 46. h3 Kd5 47. g4 f4 48. h4 e4 49. Nf1 Bc5+ 50. Ke2 e3 51. Nh2 Kd4 52. Nf1 Nd5 53. Nh2 Nc3+ 54. Ke1 Bb4 55. g5 Ne4+ 56. Kd1 Kd3 0-1

[Event "British Columbia-ch U20"]
[Site "Vancouver CAN"]
[Date "2013.11.10"]
[Round "5.5"]
[White "Doknjas, Joshua"]
[Black "Richardson, Kai"]
[Result "1-0"]
[WhiteElo "2030"]
[BlackElo "1758"]
[PlyCount "151"]
[GameId "2160767909216632"]
[EventDate "2013.11.08"]
[EventType "swiss"]
[EventRounds "5"]
[EventCountry "CAN"]

1. e4 c5 2. Nf3 d6 3. Bb5+ Nc6 4. c3 a6 5. Bxc6+ bxc6 6. d4 cxd4 7. cxd4 Nf6 8. Nc3 Bg4 9. O-O e6 10. Be3 Be7 11. h3 Bh5 12. Rc1 O-O 13. Qa4 Bxf3 14. gxf3 Qd7 15. Kh2 Kh8 16. f4 Nh5 17. Ne2 Qb7 18. Qc2 Rab8 19. b3 Rfc8 20. Ng3 Nxg3 21. fxg3 Qb5 22. f5 Kg8 23. g4 c5 24. d5 e5 25. g5 f6 26. g6 h6 27. Qd2 Kf8 28. Rc4 Ke8 29. Rfc1 Rb6 30. Kg2 Rcb8 31. Ra4 Kd7 32. Rcc4 Ke8 33. Qa5 Bd8 34. Qc3 Be7 35. Ra5 Qd7 36. Rca4 Qb7 37. Qd3 Ra8 38. Ra3 Bd8 39. R5a4 Be7 40. Kf1 Bd8 41. h4 Be7 42. Ke2 Bd8 43. Kd1 Be7 44. Qe2 Bf8 45. Kc1 Be7 46. h5 Bf8 47. Qg2 Kd8 48. Qf1 Ke8 49. Rc4 Be7 50. Bd2 Bf8 51. Rc3 Rc8 52. Rg3 c4 53. Kb1 cxb3 54. Raxb3 Rxb3+ 55. Rxb3 Qa7 56. Be3 Qc7 57. Qxa6 Qc2+ 58. Ka1 Be7 59. Qa4+ Kf8 60. Qa6 Ke8 61. Qd3 Qxd3 62. Rxd3 Rc4 63. Rb3 Rxe4 64. Rb8+ Kd7 65. Bxh6 Re1+ 66. Rb1 Rxb1+ 67. Kxb1 Bf8 68. Be3 Kc7 69. Kc2 Kb7 70. Kc3 Ka6 71. Kb4 e4 72. a4 Kb7 73. Kb5 Be7 74. h6 gxh6 75. g7 h5 76. g8=Q 1-0

[Event "British Columbia-ch U20"]
[Site "Vancouver CAN"]
[Date "2013.11.10"]
[Round "5.6"]
[White "Su, Michael"]
[Black "Shao, Nathan"]
[Result "1-0"]
[WhiteElo "1852"]
[BlackElo "1619"]
[PlyCount "129"]
[GameId "2160767909216633"]
[EventDate "2013.11.08"]
[EventType "swiss"]
[EventRounds "5"]
[EventCountry "CAN"]

1. d4 d5 2. Nf3 Nf6 3. e3 e6 4. Bd3 Bd6 5. b3 Nbd7 6. Bb2 O-O 7. O-O Re8 8. Ne5 c5 9. f4 b6 10. Nd2 Bb7 11. Qf3 Rc8 12. g4 Ne4 13. Nxe4 dxe4 14. Bxe4 Bxe4 15. Qxe4 Nf6 16. Qg2 cxd4 17. Bxd4 a6 18. Nc4 Bc5 19. Rfd1 Bxd4 20. Rxd4 Nd5 21. e4 b5 22. exd5 bxc4 23. bxc4 Qb6 24. Qf2 exd5 25. Rxd5 Qxf2+ 26. Kxf2 Rxc4 27. Rad1 Rxc2+ 28. R1d2 Rxd2+ 29. Rxd2 g6 30. Kf3 Re6 31. Re2 Rd6 32. Re5 Rd2 33. Ra5 Rd6 34. Ke4 Kf8 35. Ke5 Ke7 36. h3 h6 37. Rd5 Rc6 38. Ra5 Rd6 39. Rc5 f6+ 40. Ke4 Ke6 41. f5+ gxf5+ 42. Rxf5 Kf7 43. Rd5 Re6+ 44. Kf5 Re7 45. Ra5 Re6 46. Rc5 Re7 47. Rd5 Rc7 48. Ra5 Rc6 49. Ke4 Ke6 50. Rh5 Rc2 51. Rxh6 Rxa2 52. g5 Rf2 53. g6 Rg2 54. h4 Rg4+ 55. Kf3 Rg1 56. h5 a5 57. Rh8 Rg5 58. Kf4 Rf5+ 59. Ke4 a4 60. Re8+ Kd7 61. Kxf5 Kxe8 62. Kxf6 Kf8 63. g7+ Kg8 64. Kg6 a3 65. h6 1-0

[Event "British Columbia-ch U20"]
[Site "Vancouver CAN"]
[Date "2013.11.10"]
[Round "5.7"]
[White "Nyamdorj, Uranchimeg"]
[Black "Low, Kevin"]
[Result "1-0"]
[WhiteElo "1744"]
[BlackElo "1495"]
[PlyCount "79"]
[GameId "2160767909216634"]
[EventDate "2013.11.08"]
[EventType "swiss"]
[EventRounds "5"]
[EventCountry "CAN"]

1. e4 d6 2. d4 Nf6 3. Nc3 Nbd7 4. Nf3 e5 5. Bc4 Be7 6. O-O O-O 7. Qe2 c6 8. dxe5 dxe5 9. Bg5 Qc7 10. a4 Re8 11. Rad1 h6 12. Bh4 Nf8 13. Bg3 Ng6 14. Bb3 Bf8 15. Nh4 Bg4 16. f3 Bc5+ 17. Kh1 Nxh4 18. Bxh4 Bh5 19. Qe1 Nh7 20. Ne2 Nf8 21. Ng3 Bg6 22. Nf5 Ne6 23. Bf2 Bb6 24. Bxb6 axb6 25. Qg3 Bxf5 26. exf5 Nc5 27. f6 g5 28. h4 Nxb3 29. hxg5 Kh7 30. Qh3 Rh8 31. Rd7 Qc8 32. Qf5+ Kg8 33. g6 Nd4 34. gxf7+ Kf8 35. Qg4 Nf5 36. Qxf5 Rxa4 37. Qg6 Rh4+ 38. Kg1 Rg4 39. Qxg4 Qxd7 40. Qg7# 1-0

[Event "British Columbia-ch U20"]
[Site "Vancouver CAN"]
[Date "2013.11.10"]
[Round "5.8"]
[White "Cui, Karl"]
[Black "Low, Ethan"]
[Result "1/2-1/2"]
[WhiteElo "1839"]
[BlackElo "1494"]
[PlyCount "111"]
[GameId "2160767909216635"]
[EventDate "2013.11.08"]
[EventType "swiss"]
[EventRounds "5"]
[EventCountry "CAN"]

1. d4 d6 2. c4 e5 3. d5 Nf6 4. Nc3 Nbd7 5. e4 Be7 6. Nge2 Nc5 7. Ng3 a5 8. Be2 O-O 9. Be3 b6 10. h3 h6 11. Qd2 Re8 12. O-O-O Bd7 13. f3 a4 14. Rdg1 a3 15. b3 Nh7 16. Nf5 Bg5 17. Bxg5 Qxg5 18. Qxg5 Nxg5 19. h4 Nh7 20. g4 Bxf5 21. gxf5 Nf6 22. h5 Kh7 23. Rg2 Rg8 24. Nb5 Ne8 25. f6 gxf6 26. Rxg8 Kxg8 27. Rg1+ Kf8 28. Kc2 Na6 29. Nxa3 Nb4+ 30. Kb2 Ng7 31. Rh1 f5 32. Rh2 f4 33. Bf1 Ne8 34. Kc3 Rxa3 35. Kxb4 Ra5 36. Kc3 Ke7 37. Kb2 Kf6 38. Bh3 Ng7 39. Bg4 Kg5 40. a4 Ne8 41. Kc3 Nf6 42. Rg2 Nxh5 43. Bxh5+ Kxh5 44. Rg8 Ra7 45. Kd3 f6 46. Ke2 Kh4 47. Rg6 h5 48. Rxf6 Ra8 49. Rg6 Kh3 50. Rg7 Rc8 51. Kf2 Kh4 52. Kg2 Rf8 53. Kf2 Rc8 54. Kg2 Rf8 55. Kf2 Rc8 56. Kg2 1/2-1/2

[Event "British Columbia-ch U20"]
[Site "Vancouver CAN"]
[Date "2013.11.10"]
[Round "5.9"]
[White "Pulfer, Luke"]
[Black "Knox, Nathaniel"]
[Result "1-0"]
[WhiteElo "1654"]
[BlackElo "1626"]
[PlyCount "53"]
[GameId "2160767909216636"]
[EventDate "2013.11.08"]
[EventType "swiss"]
[EventRounds "5"]
[EventCountry "CAN"]

1. d4 Nf6 2. c4 d6 3. Nc3 g6 4. e4 Bg7 5. Be2 O-O 6. Bg5 Nbd7 7. Qd2 c5 8. Nf3 cxd4 9. Nxd4 a6 10. O-O Nc5 11. f3 Ne6 12. Nxe6 Bxe6 13. f4 Bg4 14. Bxf6 Bxe2 15. Bxg7 Bxf1 16. Bxf8 Bxc4 17. Qd4 Qxf8 18. Qxc4 Rc8 19. Qd4 e5 20. fxe5 dxe5 21. Qxe5 Rc5 22. Qd4 Qc8 23. Rd1 Qc6 24. Nd5 Rxd5 25. exd5 Qd6 26. Re1 h6 27. Re8+ 1-0

[Event "CAN-ch Amateur U2000"]
[Site "Kitchener CAN"]
[Date "2013.08.04"]
[Round "3"]
[White "Piccinin, Mario"]
[Black "Sakka, Louay"]
[Result "1-0"]
[WhiteElo "1923"]
[BlackElo "1682"]
[PlyCount "51"]
[GameId "2160767909296897"]
[EventDate "2013.08.03"]
[EventType "swiss"]
[EventRounds "7"]
[EventCountry "CAN"]

1. f4 d6 2. Nf3 g6 3. e4 Bg4 4. Be2 Nc6 5. d3 Nf6 6. c3 Bg7 7. O-O Qd7 8. a4 O-O-O 9. Nbd2 h5 10. b4 Nh7 11. Qb3 Bxf3 12. Nxf3 e5 13. a5 a6 14. b5 axb5 15. Qxb5 exf4 16. Rb1 Qe7 17. a6 Bxc3 18. axb7+ Kd7 19. Bb2 Bxb2 20. Rxb2 Ke6 21. Qxc6 Qd7 22. Nd4+ Ke7 23. Rxf4 Rhf8 24. b8=Q Rxb8 25. Rxb8 Rxb8 26. Rxf7+ 1-0

[Event "CAN-ch Seniors"]
[Site "Kitchener CAN"]
[Date "2013.08.05"]
[Round "7"]
[White "Deline, Ralph"]
[Black "Solis, Jaime"]
[Result "1-0"]
[WhiteElo "1831"]
[BlackElo "1716"]
[PlyCount "97"]
[GameId "2160767909296913"]
[EventDate "2013.08.02"]
[EventType "swiss"]
[EventRounds "7"]
[EventCountry "CAN"]

1. e4 e5 2. Nf3 Nc6 3. d4 exd4 4. Nxd4 Qf6 5. Be3 Bc5 6. c3 Nge7 7. Bc4 O-O 8. Qd2 h6 9. O-O Bb6 10. f4 d6 11. Qf2 Bd7 12. Nd2 Rac8 13. Rad1 Bg4 14. Rde1 Nd8 15. f5 d5 16. exd5 c5 17. dxc6 Ndxc6 18. Ne4 Qe5 19. Bf4 Bxd4 20. cxd4 Qxf5 21. Nd6 Qf6 22. Nxc8 Bxc8 23. Be3 Nf5 24. d5 Nce7 25. Bc5 Re8 26. d6 b6 27. Ba3 Be6 28. Bxe6 fxe6 29. dxe7 Qf7 30. Qe2 Qf6 31. Qxe6+ Qxe6 32. Rxe6 Kf7 33. Re5 g6 34. g4 Kf6 35. Re2 Kg5 36. gxf5 gxf5 37. Ref2 Kf6 38. Rxf5+ Ke6 39. Rf6+ Kd7 40. Rd1+ Kc7 41. Rf8 Rxe7 42. Bxe7 a5 43. a4 h5 44. Rfd8 Kc6 45. Rc1+ Kb7 46. Bd6 b5 47. Rc7+ Kb6 48. Rb8+ Ka6 49. axb5# 1-0

[Event "CAN-op"]
[Site "Ottawa CAN"]
[Date "2013.07.13"]
[Round "1"]
[White "Finlay, Ian"]
[Black "Sambuev, Bator"]
[Result "0-1"]
[WhiteElo "1910"]
[BlackElo "2530"]
[PlyCount "58"]
[GameId "2160767909305415"]
[EventDate "2013.07.13"]
[EventType "swiss"]
[EventRounds "9"]
[EventCountry "CAN"]
[SourceTitle "CBM 155 Extra"]
[Source "ChessBase"]
[SourceDate "2013.08.26"]
[SourceVersion "1"]
[SourceVersionDate "2013.08.26"]
[SourceQuality "1"]

1. e4 e6 2. d4 d5 3. e5 c5 4. Qg4 Nc6 5. Nf3 cxd4 6. Bd3 Nge7 7. O-O Nf5 8. Re1 Qb6 9. a3 a5 10. c3 g6 11. cxd4 Nfxd4 12. Nxd4 Qxd4 13. Qe2 Bg7 14. Bb5 O-O 15. Bxc6 bxc6 16. Nd2 Ba6 17. Nf3 Qd3 18. Qe3 Rfb8 19. Qf4 c5 20. Ng5 Qf5 21. Qh4 h6 22. Nf3 g5 23. Qg3 a4 24. h3 Rb3 25. Re3 Rab8 26. Rxb3 Rxb3 27. Qg4 Qxg4 28. hxg4 Be2 29. Nd2 Rb7 0-1

[Event "CAN-op"]
[Site "Ottawa CAN"]
[Date "2013.07.13"]
[Round "1"]
[White "Gerzhoy, Leonid"]
[Black "Yang, Ryan2"]
[Result "1-0"]
[WhiteElo "2571"]
[BlackElo "1866"]
[PlyCount "73"]
[GameId "2160767909305417"]
[EventDate "2013.07.13"]
[EventType "swiss"]
[EventRounds "9"]
[EventCountry "CAN"]

1. Nf3 Nf6 2. c4 e6 3. g3 c5 4. Bg2 Nc6 5. Nc3 d6 6. O-O Be7 7. d4 cxd4 8. Nxd4 Nxd4 9. Qxd4 O-O 10. b3 Qc7 11. Bb2 Bd7 12. Rac1 Bc6 13. Nd5 Bxd5 14. cxd5 Qd7 15. dxe6 fxe6 16. Bh3 Rfe8 17. e4 Rad8 18. Rfe1 Bf8 19. e5 Nd5 20. exd6 Qxd6 21. Qxa7 b6 22. Qb7 Rb8 23. Qc6 Qxc6 24. Rxc6 Nb4 25. Rcxe6 Rxe6 26. Bxe6+ Kh8 27. Re2 Nd3 28. Bd4 Nc5 29. Bg4 Rd8 30. Be3 b5 31. Rc2 Ne4 32. Bf3 Nf6 33. a4 bxa4 34. bxa4 Bb4 35. Rb2 Ba5 36. Rb5 Bc7 37. a5 1-0

[Event "CAN-op"]
[Site "Ottawa CAN"]
[Date "2013.07.13"]
[Round "1"]
[White "Itkin, David"]
[Black "Armstrong, Robert J"]
[Result "1-0"]
[WhiteElo "2173"]
[BlackElo "1590"]
[PlyCount "85"]
[GameId "2160767909305419"]
[EventDate "2013.07.13"]
[EventType "swiss"]
[EventRounds "9"]
[EventCountry "CAN"]

1. e4 g6 2. d4 Bg7 3. Nc3 d6 4. Nf3 Nf6 5. Be3 O-O 6. Qd2 a6 7. a4 Nbd7 8. Be2 e5 9. O-O exd4 10. Nxd4 Re8 11. f3 Ne5 12. Rad1 Be6 13. b3 Qd7 14. Bg5 Kh8 15. Kh1 Ng8 16. f4 Nc6 17. Nxe6 fxe6 18. e5 d5 19. Bg4 Nge7 20. Ne4 h6 21. Nf6 Bxf6 22. Bxf6+ Kh7 23. Rf3 Ng8 24. Rh3 Nce7 25. Qf2 Nxf6 26. Rxh6+ Kxh6 27. exf6 g5 28. fxg5+ Kg6 29. f7 Nf5 30. fxe8=Q+ Rxe8 31. c4 d4 32. Bxf5+ exf5 33. Rxd4 Re1+ 34. Qxe1 Qxd4 35. h4 Qd3 36. Qe8+ Kg7 37. Qe5+ Kg6 38. Kh2 Kh5 39. Qg3 Qd4 40. g6 Kh6 41. g7 Qxg7 42. Qxg7+ Kxg7 43. Kg3 1-0

[Event "CAN-op"]
[Site "Ottawa CAN"]
[Date "2013.07.13"]
[Round "1"]
[White "Kuttner, Amos"]
[Black "Bruzon Batista, Lazaro"]
[Result "0-1"]
[WhiteElo "1946"]
[BlackElo "2758"]
[PlyCount "64"]
[GameId "2160767909305420"]
[EventDate "2013.07.13"]
[EventType "swiss"]
[EventRounds "9"]
[EventCountry "CAN"]

1. e4 c5 2. Nf3 d6 3. Nc3 a6 4. a4 e6 5. Bc4 Nf6 6. d3 Nc6 7. h3 Be7 8. Bd2 O-O 9. O-O b6 10. Re1 Bb7 11. Bb3 Nd7 12. Bf4 Rc8 13. Ne2 Nde5 14. Bxe5 dxe5 15. c3 Rc7 16. Ng3 Rd7 17. Re3 g6 18. Qc2 Bf6 19. Rae1 Bg7 20. Ba2 Bh6 21. Bc4 Bxe3 22. Rxe3 Rd6 23. h4 Kh8 24. h5 g5 25. Qe2 g4 26. Nh2 f5 27. exf5 exf5 28. Ngf1 Qg5 29. Ng3 Qg7 30. f3 f4 31. Ne4 Rh6 32. Nxg4 Rxh5 0-1

[Event "CAN-op"]
[Site "Ottawa CAN"]
[Date "2013.07.13"]
[Round "1"]
[White "Lee, Brendon"]
[Black "Cheng, Bindi"]
[Result "0-1"]
[WhiteElo "1879"]
[BlackElo "2406"]
[PlyCount "60"]
[GameId "2160767909305421"]
[EventDate "2013.07.13"]
[EventType "swiss"]
[EventRounds "9"]
[EventCountry "CAN"]
[SourceTitle "CBM 155 Extra"]
[Source "ChessBase"]
[SourceDate "2013.08.26"]
[SourceVersion "1"]
[SourceVersionDate "2013.08.26"]
[SourceQuality "1"]

1. e4 c5 2. Nf3 d6 3. d4 cxd4 4. Nxd4 Nf6 5. Nc3 a6 6. Be2 e6 7. Be3 Be7 8. O-O Qc7 9. Qd2 b5 10. a3 Bb7 11. Bd3 Nbd7 12. f3 O-O 13. Rac1 Ne5 14. b3 Rac8 15. Nd1 d5 16. exd5 Nxd5 17. b4 Rfd8 18. Nf2 Nc4 19. Bxc4 Qxc4 20. Nb3 Nxb4 21. Qxd8+ Rxd8 22. axb4 Bxb4 23. Nd3 Rxd3 24. cxd3 Qxb3 25. Rc7 Qd5 26. Rfc1 h6 27. d4 Bd6 28. R7c2 b4 29. Rb2 a5 30. Ra1 Bc6 0-1

[Event "CAN-op"]
[Site "Ottawa CAN"]
[Date "2013.07.13"]
[Round "1"]
[White "Moradiabadi, Elshan"]
[Black "Kuttner, Simon"]
[Result "1-0"]
[WhiteElo "2557"]
[BlackElo "1877"]
[PlyCount "63"]
[GameId "2160767909305422"]
[EventDate "2013.07.13"]
[EventType "swiss"]
[EventRounds "9"]
[EventCountry "CAN"]

1. d4 d5 2. c4 c6 3. Nc3 Nf6 4. Nf3 e6 5. Qd3 Be7 6. g3 O-O 7. Bg2 Nbd7 8. O-O b6 9. b3 Ba6 10. Rd1 Rc8 11. a4 Bb4 12. Bb2 Qe7 13. Na2 Bd6 14. Rac1 Rc7 15. Nd2 e5 16. dxe5 Bxe5 17. Bxe5 Nxe5 18. Qc3 dxc4 19. Nb4 Bb7 20. bxc4 Rd8 21. Nf1 Ng6 22. Ne3 Qe8 23. c5 Ne7 24. Qe5 Rcd7 25. Nd3 Ned5 26. Nf5 Qf8 27. Qb2 Rc8 28. Ne5 Rdc7 29. e4 Ne7 30. Nd6 Rd8 31. Nexf7 Rdd7 32. Qb3 1-0

[Event "CAN-op"]
[Site "Ottawa CAN"]
[Date "2013.07.13"]
[Round "1"]
[White "Rozentalis, Eduardas"]
[Black "Blium, Benjamin"]
[Result "1-0"]
[WhiteElo "2619"]
[BlackElo "1817"]
[PlyCount "115"]
[GameId "2160767909305425"]
[EventDate "2013.07.13"]
[EventType "swiss"]
[EventRounds "9"]
[EventCountry "CAN"]
[SourceTitle "CBM 155 Extra"]
[Source "ChessBase"]
[SourceDate "2013.08.26"]
[SourceVersion "1"]
[SourceVersionDate "2013.08.26"]
[SourceQuality "1"]

1. e4 e5 2. Nf3 Nc6 3. Bb5 a6 4. Bxc6 dxc6 5. d3 f6 6. Be3 Bg4 7. h3 Bxf3 8. Qxf3 Qd7 9. Nd2 Bb4 10. O-O-O O-O-O 11. Nb3 Qf7 12. Kb1 Ne7 13. d4 Ng6 14. c3 Bd6 15. h4 Rhf8 16. h5 Ne7 17. dxe5 fxe5 18. Qxf7 Rxf7 19. Na5 c5 20. Rd2 b6 21. Nc4 Nc6 22. a4 Be7 23. Rd5 Bf6 24. Rhd1 Rfd7 25. Kc2 Rxd5 26. Rxd5 Kb7 27. g3 Re8 28. h6 g5 29. Rd6 Bd8 30. Rd7 Be7 31. Kd2 Kc8 32. Rd5 Bf6 33. Ke2 Ne7 34. Rd1 Nc6 35. a5 b5 36. Nd6+ cxd6 37. Rxd6 Nxa5 38. Rxf6 Nc4 39. Bxc5 Nxb2 40. Rxa6 Na4 41. Bb4 Kb7 42. Rf6 Rc8 43. Rf7+ Rc7 44. Rxc7+ Kxc7 45. Kf3 Kd7 46. Kg4 Ke6 47. Kxg5 Nb2 48. f4 Nd3 49. f5+ Kf7 50. Bd6 Nf2 51. Bxe5 Nxe4+ 52. Kf4 Nf2 53. Bd4 Nd3+ 54. Ke4 Nb2 55. g4 Nc4 56. g5 Nd2+ 57. Kd5 Nf3 58. g6+ 1-0

[Event "CAN-op"]
[Site "Ottawa CAN"]
[Date "2013.07.13"]
[Round "1"]
[White "Sokolov, Ivan"]
[Black "Kenney, David"]
[Result "1-0"]
[WhiteElo "2650"]
[BlackElo "2021"]
[PlyCount "45"]
[GameId "2160767909305427"]
[EventDate "2013.07.13"]
[EventType "swiss"]
[EventRounds "9"]
[EventCountry "CAN"]
[SourceTitle "CBM 155 Extra"]
[Source "ChessBase"]
[SourceDate "2013.08.26"]
[SourceVersion "1"]
[SourceVersionDate "2013.08.26"]
[SourceQuality "1"]

1. d4 d5 2. c4 e6 3. Nc3 Nf6 4. cxd5 exd5 5. Bg5 Be7 6. e3 c6 7. Bd3 Nbd7 8. Nge2 h6 9. Bh4 O-O 10. f3 Re8 11. O-O Nf8 12. Kh1 Ne6 13. Bc2 Nf8 14. Qd3 Nh5 15. Bxe7 Qxe7 16. e4 dxe4 17. fxe4 Be6 18. e5 Rad8 19. Ne4 Bd5 20. N2c3 Qe6 21. Nxd5 cxd5 22. Nc5 Qc8 23. Qf3 1-0

[Event "CAN-op"]
[Site "Ottawa CAN"]
[Date "2013.07.13"]
[Round "1"]
[White "Vera, Reynaldo"]
[Black "Sadeghi, Saeid"]
[Result "1-0"]
[WhiteElo "2462"]
[BlackElo "1978"]
[PlyCount "125"]
[GameId "2160767909305428"]
[EventDate "2013.07.13"]
[EventType "swiss"]
[EventRounds "9"]
[EventCountry "CAN"]
[SourceTitle "CBM 155 Extra"]
[Source "ChessBase"]
[SourceDate "2013.08.26"]
[SourceVersion "1"]
[SourceVersionDate "2013.08.26"]
[SourceQuality "1"]

1. d4 d5 2. c4 c6 3. Nc3 Nf6 4. e3 a6 5. Nf3 Bf5 6. Bd3 Bxd3 7. Qxd3 e6 8. O-O Nbd7 9. e4 dxe4 10. Nxe4 Nxe4 11. Qxe4 Nf6 12. Qc2 Be7 13. Bf4 O-O 14. Qb3 Nh5 15. Be5 f6 16. Bg3 Nxg3 17. hxg3 b5 18. Rfe1 bxc4 19. Qxc4 Qd5 20. Rac1 Rab8 21. Rxe6 Qxc4 22. Rxc4 Kf7 23. Re2 Rfc8 24. Rec2 Rb6 25. Nd2 Rb4 26. d5 Rxc4 27. Nxc4 c5 28. Kf1 Rd8 29. Rd2 Bd6 30. Re2 Bb8 31. Re6 Rxd5 32. Rxa6 Rd1+ 33. Ke2 Rc1 34. b3 Be5 35. Nxe5+ fxe5 36. Rc6 Rc2+ 37. Ke3 Rxa2 38. Rxc5 Rb2 39. Rb5 Kf6 40. g4 g6 41. g3 Rb1 42. b4 Re1+ 43. Kf3 e4+ 44. Kf4 Re2 45. Rb6+ Kg7 46. Rb7+ Kf6 47. g5+ Ke6 48. Rxh7 Rxf2+ 49. Kxe4 Rf5 50. Rb7 Rxg5 51. Rb6+ Kf7 52. Kf4 Rd5 53. g4 g5+ 54. Ke4 Rd1 55. Kf5 Rd5+ 56. Ke4 Rd1 57. b5 Rf1 58. Rc6 Rf4+ 59. Kd5 Rxg4 60. b6 Rg1 61. Kd6 Ke8 62. b7 Rd1+ 63. Kc7 1-0

[Event "CAN-op"]
[Site "Ottawa CAN"]
[Date "2013.07.14"]
[Round "2"]
[White "Botez, Alexandra"]
[Black "Hambleton, Aman"]
[Result "0-1"]
[WhiteElo "2204"]
[BlackElo "2480"]
[PlyCount "58"]
[GameId "2160767909305431"]
[EventDate "2013.07.13"]
[EventType "swiss"]
[EventRounds "9"]
[EventCountry "CAN"]
[SourceTitle "CBM 155 Extra"]
[Source "ChessBase"]
[SourceDate "2013.08.26"]
[SourceVersion "1"]
[SourceVersionDate "2013.08.26"]
[SourceQuality "1"]

1. d4 e6 2. Nf3 Nf6 3. Bf4 c5 4. dxc5 Bxc5 5. Bd6 Na6 6. Bxc5 Nxc5 7. Nc3 Qb6 8. Rb1 d5 9. Qd4 O-O 10. e3 Bd7 11. Bd3 Rfd8 12. Ne5 Be8 13. O-O Nfe4 14. b4 Nxd3 15. Qxd3 Nxc3 16. Qxc3 Rac8 17. Qb2 Qc7 18. Rfc1 Qc3 19. Nf3 Ba4 20. Nd4 e5 21. Qxc3 Rxc3 22. Nf3 f6 23. Rb2 d4 24. exd4 exd4 25. Ne1 d3 26. Rd1 Re8 27. Kf1 dxc2 28. Rc1 Bb5+ 29. Kg1 Rxe1+ 0-1

[Event "CAN-op"]
[Site "Ottawa CAN"]
[Date "2013.07.14"]
[Round "2"]
[White "Bruzon Batista, Lazaro"]
[Black "Dorrance, Adam"]
[Result "1-0"]
[WhiteElo "2758"]
[BlackElo "2185"]
[PlyCount "49"]
[GameId "2160767909305432"]
[EventDate "2013.07.13"]
[EventType "swiss"]
[EventRounds "9"]
[EventCountry "CAN"]

1. e4 c6 2. d4 d5 3. e5 g6 4. f4 h5 5. Nf3 Bg4 6. Nbd2 e6 7. h3 Bxf3 8. Nxf3 Nh6 9. g4 Be7 10. Bd3 Bh4+ 11. Ke2 hxg4 12. hxg4 Nxg4 13. Qg1 Kd7 14. Qxg4 Be7 15. Be3 Na6 16. Ng5 Bxg5 17. fxg5 Nb4 18. Qf3 Qe7 19. Rh6 Nxd3 20. cxd3 Raf8 21. Rf1 Ke8 22. a3 b5 23. Bd2 a5 24. Bxa5 Qa7 25. Bb6 1-0